000 00825nam a2200277 i 4500
001 C2-0232236
003 PPAK
005 20201130105411.0
008 010104s2005 my a br | 0 1 may d
020 _a9789831511459
_qpaperback
040 _aPPAK
_beng
_cPPAK
_erda
082 0 4 _a899.2333
_223
090 0 0 _a899.2333
_bMAH
_dK
100 0 _aMahfuz Aiman,
_eauthor.
245 0 0 _aMisteri Kapal Selam /
_cMahfuz Aiman ; Illustrasi dalam AMY
264 1 _aKuala Lumpur :
_bPenerbitan Fargoes Sdn. Bhd.,
_c2005
300 _a111 pages :
_billustrations ;
_c17 cm
336 _2rdacontent
_atext
337 _2rdamedia
_aunmediated
338 _2rdacarrier
_avolume
490 1 _aSIRI HADI ;
_v12
650 1 0 _aChildren's stories, Malay
700 0 _aAmy,
_eillustrator.
830 0 _aSiri hadi ;
_n12
942 _cB
_2ddc
999 _c180281
_d180281